Pozbierané

Bibliographic Details
Main Author: Konrádyová, Eva (Author)
Format: Book
Language:Slovak
PhysicalDescription:63 s. 16 cm
Published: Bratislava Minor 2009
ISBN:9788096979646
Edition:1. vyd.
Subjects:

MARC

LEADER 00000nam a2200000 a 4500
001 vtls010065509
003 SK-MaSNL
005 20260302011027.0
008 240314s2009 xo g 000 p slo
015 |a SNBA2010/02-00930 
020 |a 9788096979646  |q (brož.) 
035 |a 3EB85839-42ED-4CE9-9BE3-419BAC348034 
035 |a urn:nbn:sk:snk-amjfnt 
035 |a urn:nbn:sk:snk-am00129v 
040 |a SNK  |b slo  |c SNK  |e AACR2 
041 0 |a slo 
044 |a xo  |c SK 
072 7 |a 821.162.4-1  |x Slovenská poézia  |2 konspekt 
080 |a 821.162.4-1  |2 2001 
100 1 |a Konrádyová, Eva  |4 aut  |9 650962 
245 1 0 |a Pozbierané  |c Eva Konrádyová 
250 |a 1. vyd. 
260 |a Bratislava  |b Minor  |c 2009 
300 |a 63 s.  |c 16 cm 
655 7 |a slovenská poézia  |2 SNKPH  |9 70444 
919 |a 978-80-969796-4-6 
958 |a LX 
968 |d 821 
999 |c 1004549  |d 1006479 
952 |a SNK  |b SNK  |y PREZ  |7 0  |p 17A0645829  |o snkSD 78893  |i snk2010/3188  |8 0  |0 0  |1 0  |4 0  |d 2010-02-16  |l 0  |r 2025-11-26 00:00:00  |w 2026-02-24 
952 |a SNK  |b SNK  |y VYP  |7 0  |p 17A0645830  |o snkSD 78893 D1  |i snk2010/3189  |8 0  |0 0  |1 0  |4 0  |d 2010-02-16  |f 1  |l 0  |r 2017-06-30 00:00:00  |w 2026-02-24